Представление документа в формате RUSMARC

ПолеНазваниеЗначение
  Тип записи a
  Библиографический уровень m
001 Контрольный номер RU/SLIB/B/208712208
005 Дата корректировки 20201206203913.8
010 Индекс ISBN __
a ISBN 5-8013-0048-1
d Цена 30-00
101 Язык документа __
a Язык текста rus
c Язык оригинала rus
200 Заглавие и сведения об ответственности 1_
a Заглавие Население России, 1998
e Сведения, относящиеся к заглавию шестой ежегод. демогр. доклад
f Первые сведения об ответственности Ин-т народнохоз. прогнозирования, Центр демографии и экологии человека ; под ред. А. Г. Вишневского
b Общее обозначение материала Текст
210 Выходные данные __
a Место издания М.
c Издательство Кн. дом "Ун-т"
d Дата издания 1999
215 Физическое описание __
a Объем 144 с.
c Иллюстрации/тип воспроизводства ил.
330 Аннотация __
a Аннотация Здесь приведены данные Госкомстата России за 1998 г.
606 Тематические рубрики __
a Основная рубрика Демографическая политика
a Основная рубрика Демография
a Основная рубрика Статистика населения
a Основная рубрика Теория народонаселения
z Хронологическая подрубрика 1998 г.; 20 в. кон.
y Географическая подрубрика Россия
610 Ключевые слова __
a Ключевые слова общественные науки; здоровье; миграция; продолжительность жизни; численность населения; брачность; рождаемость; смертность
686 Индексы других классификаций __
a Классификационный индекс 60.7(2) ; ст60.7
702 Вторичная интеллектуальная ответственность _1
a Фамилия Вишневский
b Имя А. Г.
4 Код отношения Редактор
4 Код отношения 340
801 Источник записи _0
a Страна RU
b Организация Муниципальное бюджетное учреждение культуры "Централизованная библиотечная система" г. Сургут (Центральная городская библиотека им. А. С. Пушкина)
g Правила каталогизации КиК/Тесленко
801 Источник записи _1
a Страна RU
b Организация Муниципальное бюджетное учреждение культуры "Централизованная библиотечная система" г. Сургут (Центральная городская библиотека им. А. С. Пушкина)
g Правила каталогизации КиК/Тесленко
852 Данные о местонахождении __
j Шифр хранения 60.7(2)
c Каталожный индекс 60.7(2)
i Авторский знак Н 31
901 Тип документа __
t Тип документа m
903 Характеристики (МАРС) __
a Дата передачи 20010418
990 Данные о заказе (DOS) 00
j Количество экземпляров (DOS) 1
t N записи в КСУ для И/У (DOS) 200104